Proyecto de inteligencia Harvard
Guardat en:
| Autor principal: | |
|---|---|
| Format: | Llibre |
| Idioma: | espanyol |
| Publicat: |
Madrid
CEPE
1999
|
| Matèries: | |
| Etiquetes: |
Afegir etiqueta
Sense etiquetes, Sigues el primer a etiquetar aquest registre!
|
MARC
| LEADER | 00000nam a2200000 a 4500 | ||
|---|---|---|---|
| 001 | UCO6970 | ||
| 003 | CL-VaPUC | ||
| 008 | 001103e19990000SP |||||||||||||||||spa|d | ||
| 082 | 0 | 4 | |a 370.152 |b MEG |2 21 |
| 100 | |a Megía Fernández, Miguel |e autor |9 543295 | ||
| 245 | 1 | 0 | |a Proyecto de inteligencia Harvard |
| 300 | |a v | ||
| 942 | |c BK | ||
| 945 | |d 20001103 00:00:00 |a vberengu | ||
| 260 | |a Madrid |b CEPE |c 1999 | ||
| 500 | |a v.1: Fundamentos del razonamiento | ||
| 500 | |a v.2: Comprensión del lenguaje | ||
| 500 | |a v.3: Razonamiento verbal | ||
| 500 | |a v.4: Resolución de problemas | ||
| 500 | |a v.5: Toma de decisiones | ||
| 500 | |a v.6: Pensamiento inventivo | ||
| 650 | 0 | |a Educación |9 258661 | |
| 650 | 0 | |a Inteligencia |9 267038 | |
| 650 | 0 | |a Razonamiento |9 256520 | |
| 650 | 0 | |a Comprensión del lenguaje |9 390641 | |
| 650 | 7 | |a SOLUCION DE PROBLEMAS |2 CL-VaPUC |9 270958 | |
| 650 | 0 | |a Toma de decisiones |9 257530 | |
| 583 | |a last modification |c 20001103 00:00:00 |k Rodrigo Vera | ||
| 999 | |c 292205 |d 292203 | ||
| 952 | |0 0 |1 0 |4 0 |6 370_152000000000000_MEG_1999 |7 0 |8 A |9 342885 |a BIBEDU |b BIBEDU |d 2019-11-20 |h v.1 |i 3661660 |l 2 |o 370.152 MEG 1999 |p 3661660 |r 2025-04-16 |s 2025-04-16 |w 2019-11-20 |y BK |k BME | ||
| 952 | |0 0 |1 0 |4 0 |6 370_152000000000000_MEG_1999 |7 0 |8 A |9 342886 |a BIBEDU |b BIBEDU |d 2019-11-20 |h v.2 |i 3661652 |o 370.152 MEG 1999 |p 3661652 |r 2019-11-20 |w 2019-11-20 |y BK |k BME | ||
| 952 | |0 0 |1 0 |4 0 |6 370_152000000000000_MEG_1999 |7 0 |8 A |9 342887 |a BIBEDU |b BIBEDU |d 2019-11-20 |h v.3 |i 3661644 |o 370.152 MEG 1999 |p 3661644 |r 2019-11-20 |w 2019-11-20 |y BK |k BME | ||
| 952 | |0 0 |1 0 |4 0 |6 370_152000000000000_MEG_1999 |7 0 |8 A |9 342888 |a BIBEDU |b BIBEDU |d 2019-11-20 |h v.4 |i 3661636 |o 370.152 MEG 1999 |p 3661636 |r 2019-11-20 |w 2019-11-20 |y BK |k BME | ||
| 952 | |0 0 |1 0 |4 0 |6 370_152000000000000_MEG_1999 |7 0 |8 A |9 342889 |a BIBEDU |b BIBEDU |d 2019-11-20 |h v.5 |i 3661628 |l 1 |o 370.152 MEG 1999 |p 3661628 |r 2025-04-16 |s 2025-04-16 |w 2019-11-20 |y BK |k BME | ||
| 952 | |0 0 |1 0 |4 0 |6 370_152000000000000_MEG_1999 |7 0 |8 A |9 342890 |a BIBEDU |b BIBEDU |d 2019-11-20 |h v.6 |i 366161K |l 2 |o 370.152 MEG 1999 |p 366161K |r 2024-04-19 |s 2024-04-19 |w 2019-11-20 |y BK |k BME | ||